[Event "1st Heraklion Tal 2019"]
[Site "Heraklion"]
[Date "2019.04.30"]
[Round "2.5"]
[White "Marinakis, Hristos"]
[Black "Milonakis, Georgios"]
[Result "1-0"]
[WhiteElo "2085"]
[BlackElo "2285"]
[Annotator "ChessBase"]
[PlyCount "85"]
[EventDate "2019.04.29"]
[EventType "tourn"]
[EventCountry "GRE"]
[SourceTitle "playchess.com"]
[Source "ChessBase"]
[SourceQuality "1"]
[TimeControl "40/5400+30:1800+30"]

1. e4 {[%emt 0:00:00]} e5 {[%emt 0:00:00]} 2. Nf3 {[%emt 0:00:00]} Nc6 {[%emt 0:00:17]} 3. Bb5 {[%emt 0:00:00]} a6 {[%emt 0:00:25]} 4. Ba4 {[%emt 0:00:00]} d6 {[%emt 0:04:33]} 5. c4 {[%emt 0:01:57]} Nf6 {[%emt 0:01:14]} 6. d3 {[%emt 0:03:12]} Be7 {[%emt 0:01:39]} 7. Nc3 {[%emt 0:00:49]} O-O {[%emt 0:00:44]} 8. O-O {[%emt 0:01:29]} Bg4 {[%emt 0:02:03]} 9. Be3 {[%emt 0:03:17]} Nd4 {[%emt 0:08:25]} 10. Bxd4 {[%emt 0:03:56]} exd4 {[%emt 0:01:06]} 11. Ne2 {[%emt 0:02:42]} Bxf3 {[%emt 0:07:11]} 12. gxf3 {[%emt 0:00:04]} c5 {[%emt 0:05:05]} 13. Ng3 {[%emt 0:02:15]} Rb8 {[%emt 0:03:56]} 14. Qe2 {[%emt 0:04:44]} b5 {[%emt 0:06:31]} 15. Bb3 {[%emt 0:02:10]} Re8 {[%emt 0:01:25]} 16. a4 {[%emt 0:06:54]} b4 {[%emt 0:04:55]} 17. Kh1 {[%emt 0:06:02]} Kh8 {[%emt 0:01:59]} 18. Rg1 {[%emt 0:02:39]} Bf8 {[%emt 0:00:36]} 19. Qf1 {[%emt 0:04:08]} Qc8 {[%emt 0:05:58]} 20. Bd1 {[%emt 0:12:43]} g6 {[%emt 0:05:38]} 21. f4 {[%emt 0:01:57]} Bh6 {[%emt 0:09:52]} 22. f5 {[%emt 0:01:13]} d5 {[%emt 0:06:42]} 23. cxd5 {[%emt 0:13:45]} c4 {[%emt 0:00:20]} 24. dxc4 {[%emt 0:01:03]} Nxe4 {[%emt 0:02:31]} 25. Nxe4 {[%emt 0:03:29]} Rxe4 {[%emt 0:00:35]} 26. Qh3 {[%emt 0:02:35]} Bg7 {[%emt 0:01:42]} 27. Qg2 {[%emt 0:07:33]} Re5 {[%emt 0:03:39]} 28. fxg6 {[%emt 0:05:27]} hxg6 {[%emt 0:02:37]} 29. Rc1 {[%emt 0:02:44]} Bh6 {[%emt 0:03:44]} 30. Bg4 {[%emt 0:02:26]} Qc5 {[%emt 0:03:05]} 31. Qg3 {[%emt 0:01:08]} Rbe8 {[%emt 0:00:17]} 32. Rc2 {[%emt 0:01:42]} Rxd5 {[%emt 0:04:40]} 33. cxd5 {[%emt 0:00:53]} Qxc2 {[%emt 0:00:08]} 34. d6 {[%emt 0:00:09]} Qe4+ {[%emt 0:01:49]} 35. f3 {[%emt 0:00:38]} Qf4 {[%emt 0:01:00]} 36. d7 {[%emt 0:00:31]} Rd8 {[%emt 0:00:49]} 37. Qh4 {[%emt 0:01:16]} Qg5 {[%emt 0:00:19]} 38. Qe1 {[%emt 0:00:06]} Qe3 {[%emt 0:00:27]} 39. Qh4 {[%emt 0:00:10]} Qg5 {[%emt 0:00:57]} 40. Qe1 {[%emt 0:00:00]} Qe3 {[%emt 0:00:00]} 41. Qxb4 {[%emt 0:13:33]} Bf4 {[%emt 0:16:45]} 42. Qb6 {[%emt 0:03:43]} Qf2 {[%emt 0:01:23]} 43. Qf6+ {[%emt 0:00:49]} 1-0

[Event "1st Heraklion Tal 2019"]
[Site "Heraklion"]
[Date "2019.05.01"]
[Round "3.1"]
[White "Milonakis, Georgios"]
[Black "Dimitrov, Atanas"]
[Result "1/2-1/2"]
[WhiteElo "2285"]
[BlackElo "2282"]
[Annotator "NA"]
[PlyCount "116"]
[EventDate "2019.04.29"]
[EventType "tourn"]
[EventCountry "GRE"]
[SourceTitle "playchess.com"]
[Source "ChessBase"]
[SourceQuality "1"]
[TimeControl "40/5400+30:1800+30"]

1. Nf3 {[%emt 0:00:00]} Nf6 {[%emt 0:00:00]} 2. g3 {[%emt 0:00:00]} g6 {[%emt 0:00:00]} 3. Bg2 {[%emt 0:00:00]} Bg7 {[%emt 0:00:00]} 4. O-O {[%emt 0:00:29]} O-O {[%emt 0:00:00]} 5. d4 {[%emt 0:00:26]} c5 {[%emt 0:04:55]} 6. c3 {[%emt 0:03:29]} d5 {[%emt 0:00:42]} 7. dxc5 {[%emt 0:03:46]} a5 {[%emt 0:01:40]} 8. a4 {[%emt 0:18:09]} Na6 {[%emt 0:00:14]} 9. Na3 {[%emt 0:04:13]} Nxc5 {[%emt 0:01:11]} 10. Bf4 {[%emt 0:02:49]} Bd7 {[%emt 0:04:37]} 11. Nb5 {[%emt 0:00:29]} Bxb5 {[%emt 0:00:45]} 12. axb5 {[%emt 0:00:09]} Qb6 {[%emt 0:01:44]} 13. Nd4 {[%emt 0:06:51]} a4 {[%emt 0:07:40]} 14. Be5 {[%emt 0:05:33]} Rfd8 {[%emt 0:01:38]} 15. Qc2 {[%emt 0:15:48]} Rac8 {[%emt 0:00:44]} 16. Rfd1 {[%emt 0:00:46]} Ng4 {[%emt 0:04:48]} 17. Bxg7 {[%emt 0:00:31]} Kxg7 {[%emt 0:00:03]} 18. Qc1 {[%emt 0:18:19]} Qf6 {[%emt 0:16:02]} 19. Qf4 {[%emt 0:00:16]} h5 {[%emt 0:02:36]} 20. Qxf6+ {[%emt 0:00:36]} Kxf6 {[%emt 0:01:44]} 21. Nc2 {[%emt 0:01:46]} e6 {[%emt 0:00:20]} 22. f4 {[%emt 0:02:48]} Nh6 {[%emt 0:03:04]} 23. Nb4 {[%emt 0:01:25]} Nf5 {[%emt 0:00:36]} 24. Nd3 {[%emt 0:04:41]} Ne3 {[%emt 0:00:24]} 25. Rdb1 {[%emt 0:00:54]} Nc4 {[%emt 0:05:15]} 26. Nxc5 {[%emt 0:00:21]} Rxc5 {[%emt 0:00:03]} 27. Rxa4 {[%emt 0:01:00]} Rxb5 {[%emt 0:00:09]} 28. b3 {[%emt 0:04:36]} Nd6 {[%emt 0:00:41]} 29. Rd4 {[%emt 0:00:32]} Rc8 {[%emt 0:00:33]} 30. Rd3 {[%emt 0:01:45]} Ke7 {[%emt 0:00:52]} 31. Kf2 {[%emt 0:00:30]} f5 {[%emt 0:12:11]} 32. Ke1 {[%emt 0:00:08]} Ra8 {[%emt 0:04:08]} 33. Rdd1 {[%emt 0:01:04]} Ne4 {[%emt 0:21:13]} 34. Bxe4 {[%emt 0:01:10]} fxe4 {[%emt 0:00:10]} 35. c4 {[%emt 0:00:37]} Rc5 {[%emt 0:00:07]} 36. cxd5 {[%emt 0:00:22]} exd5 {[%emt 0:00:50]} 37. b4 {[%emt 0:00:19]} Rb5 {[%emt 0:00:31]} 38. Rb2 {[%emt 0:00:45]} Ke6 {[%emt 0:00:28]} 39. Kf2 {[%emt 0:01:02]} Ra4 {[%emt 0:01:46]} 40. Rd4 {[%emt 0:00:00]} Ra3 {[%emt 0:00:00]} 41. e3 {[%emt 0:05:38]} Rc3 {[%emt 0:02:21]} 42. Ke2 {[%emt 0:02:25]} Rc4 {[%emt 0:03:03]} 43. Rxc4 {[%emt 0:04:05]} dxc4 {[%emt 0:00:03]} 44. Kd2 {[%emt 0:00:12]} Rd5+ {[%emt 0:00:33]} 45. Kc3 {[%emt 0:00:13]} b5 {[%emt 0:00:07]} 46. Rd2 {[%emt 0:09:10]} Rd3+ {[%emt 0:15:48]} 47. Rxd3 {[%emt 0:00:13]} cxd3 {[%emt 0:00:05]} 48. h3 {[%emt 0:00:37]} Kf5 {[%emt 0:00:16]} 49. Kd2 {[%emt 0:00:49]} g5 {[%emt 0:00:13]} 50. fxg5 {[%emt 0:01:57]} Kxg5 {[%emt 0:00:02]} 51. Kc3 {[%emt 0:00:16]} Kf5 {[%emt 0:00:06]} 52. Kb3 {[%emt 0:00:48]} Ke5 {[%emt 0:00:22]} 53. Kc3 {[%emt 0:00:38]} Kd5 {[%emt 0:00:12]} 54. Kb3 {[%emt 0:00:06]} Ke5 {[%emt 0:01:52]} 55. Kc3 {[%emt 0:00:08]} Kf5 {[%emt 0:00:19]} 56. Kb3 {[%emt 0:00:29]} Ke5 {[%emt 0:00:15]} 57. Kc3 {[%emt 0:00:14]} Kd5 {[%emt 0:00:07]} 58. Kb3 {[%emt 0:00:09]} Ke5 {[%emt 0:00:07]} 1/2-1/2

[Event "1st Heraklion Tal 2019"]
[Site "Heraklion"]
[Date "2019.05.01"]
[Round "3.3"]
[White "Kozhuharov, Spas"]
[Black "Megalios, Konstantinos"]
[Result "1-0"]
[WhiteElo "2434"]
[BlackElo "2411"]
[Annotator "TA"]
[PlyCount "93"]
[EventDate "2019.04.29"]
[EventType "tourn"]
[EventCountry "GRE"]
[SourceTitle "playchess.com"]
[Source "ChessBase"]
[SourceQuality "1"]

{[%evp 9,93,27,32,16,31,35,33,13,22,16,27,35,30,36,33,33,27,8,6,0,0,9,25,31,27,26,49,59,118,108,128,93,171,131,201,170,359,355,305,281,396,418,398,333,360,314,458,466,508,479,485,472,600,597,600,593,583,660,660,660,650,646,610,578,672,631,685,655,785,810,790,752,787,781,718,683,886,880,1011,1003,941,948,2847,1645,6283,6215]} 1. d4 Nf6 2. Nf3 e6 3. Bf4 c5 4. e3 cxd4 5. exd4 b6 6. Bd3 {A46: 1 d4 Nf6 2 Nf3 e6: Torre, London and Colle Systems} Bb7 7. O-O Be7 8. Nbd2 {White is slightly better.} O-O 9. h3 (9. Re1 d6 10. c3 a6 11. Ng5 h6 12. Nge4 Nxe4 13. Nxe4 Bxe4 14. Bxe4 d5 15. Bc2 Bg5 16. Qd3 g6 17. Rxe6 {1-0 (17) Aronian,L (2767)-Giri,A (2782) chess.com INT 2018}) 9... d6 10. Re1 Nbd7 11. Bg3 Re8 $146 ({Predecessor:} 11... a6 12. a4 {0-1 (78) Zhao,X (2504)-Khademalsharieh,S (2438) Doha 2016}) 12. a4 {[%cal Ba2a4,Ba4a5][%mdl 32]} a6 13. a5 b5 14. c4 bxc4 15. Nxc4 Nf8 16. Nb6 $36 {[%mdl 2048] White has good play.} Ra7 17. Nd2 Nd5 18. Ndc4 Ng6 (18... Nxb6 $14 19. axb6 Ra8) 19. Qa4 $16 Nc7 20. Rec1 Nb5 (20... Rf8 $16 {was called for.}) 21. Ne3 f5 (21... Rf8 $16) 22. d5 $18 Rf8 $2 {[#]} (22... Bg5) 23. dxe6 f4 24. Bxg6 $1 {Hoping for Bf7+.} hxg6 (24... fxg3 {might work better.} 25. Bf7+ Kh8 26. fxg3 Bg5) 25. Bxf4 d5 {[#]} 26. Nbxd5 $1 {[%mdl 512]} Bxd5 27. Rd1 Bxe6 (27... Qc8 $142) 28. Rxd8 {White is clearly winning.} Rxd8 29. Qe4 Bf7 30. Rd1 Rxd1+ 31. Nxd1 Bf6 32. Be5 Rd7 33. Ne3 Bxe5 34. Qxe5 Rd6 35. Qc5 Be6 36. g4 Kf7 37. Kg2 Bb3 38. h4 Be6 39. Kg3 Bb3 40. Qc8 Be6 41. Qb7+ Kg8 42. Qe7 Kh7 43. f3 Kg8 44. Ng2 Bf7 45. Nf4 Bc4 46. Qe8+ Kh7 47. Nh3 {Accuracy: White = 87%, Black = 39%.} 1-0

[Event "1st Heraklion Tal 2019"]
[Site "Heraklion"]
[Date "2019.05.01"]
[Round "3.4"]
[White "Navaratnam, Rohan Shan Tze"]
[Black "De Seroux, Camille"]
[Result "1-0"]
[WhiteElo "2068"]
[BlackElo "2151"]
[Annotator "NA"]
[PlyCount "49"]
[EventDate "2019.04.29"]
[EventType "tourn"]
[EventCountry "GRE"]
[SourceTitle "playchess.com"]
[Source "ChessBase"]
[SourceQuality "1"]
[TimeControl "40/5400+30:1800+30"]

1. e4 {[%emt 0:00:18]} c5 {[%emt 0:00:00]} 2. c3 {[%emt 0:00:15]} d6 {[%emt 0:04:08]} 3. d4 {[%emt 0:01:28]} Nf6 {[%emt 0:00:09]} 4. Bd3 {[%emt 0:01:54]} e5 {[%emt 0:06:24]} 5. Nf3 {[%emt 0:03:24]} Nc6 {[%emt 0:06:10]} 6. Be3 {[%emt 0:01:42]} cxd4 {[%emt 0:12:00]} 7. cxd4 {[%emt 0:00:04]} Ng4 {[%emt 0:00:35]} 8. O-O {[%emt 0:03:30]} Nxe3 {[%emt 0:11:43]} 9. fxe3 {[%emt 0:00:02]} Be7 {[%emt 0:00:43]} 10. Nc3 {[%emt 0:03:10]} O-O {[%emt 0:01:44]} 11. Nd5 {[%emt 0:13:07]} Bg4 {[%emt 0:10:06]} 12. Be2 {[%emt 0:03:49]} Bxf3 {[%emt 0:13:12]} 13. Rxf3 {[%emt 0:13:06]} Bg5 {[%emt 0:01:55]} 14. a3 {[%emt 0:14:12]} Rc8 {[%emt 0:00:47]} 15. Rg3 {[%emt 0:08:57]} Ne7 {[%emt 0:12:43]} 16. Qb3 {[%emt 0:00:36]} Nxd5 {[%emt 0:06:16]} 17. Qxd5 {[%emt 0:00:02]} Rc2 {[%emt 0:01:44]} 18. Bc4 {[%emt 0:07:19]} Bh4 {[%emt 0:04:24]} 19. Rf3 {[%emt 0:01:34]} Qg5 {[%emt 0:00:49]} 20. Bf1 {[%emt 0:02:42]} Rxb2 {[%emt 0:02:14]} 21. Qxd6 {[%emt 0:01:33]} exd4 {[%emt 0:01:10]} 22. exd4 {[%emt 0:01:53]} Qd2 {[%emt 0:00:13]} 23. Rxf7 {[%emt 0:08:04]} Rxf7 {[%emt 0:00:33]} 24. Qb8+ {[%emt 0:00:26]} Rf8 {[%emt 0:00:48]} 25. Bc4+ {[%emt 0:00:08]} 1-0

[Event "1st Heraklion Tal 2019"]
[Site "Heraklion"]
[Date "2019.05.01"]
[Round "3.5"]
[White "Stoyanov, Tsvetan"]
[Black "Antova, Gabriela"]
[Result "1/2-1/2"]
[WhiteElo "2416"]
[BlackElo "2246"]
[Annotator "TA"]
[PlyCount "81"]
[EventDate "2019.04.29"]
[EventType "tourn"]
[EventCountry "GRE"]
[SourceTitle "playchess.com"]
[Source "ChessBase"]
[SourceQuality "1"]

{[%evp 9,81,14,19,0,0,0,-5,-8,27,15,18,12,18,19,35,-15,-20,-32,-39,-45,-39,-23,-20,-66,-48,-46,-42,0,0,0,0,-18,30,31,30,33,33,14,18,0,6,0,0,-7,0,0,14,0,7,5,24,0,24,22,27,20,32,25,30,0,0,0,0,0,0,0,0,-6,0,0,0,0,0,0]} 1. e4 c5 2. Nc3 d6 3. d4 cxd4 4. Qxd4 Nc6 5. Bb5 (5. Qd2 Nf6 6. b3 e6 7. Bb2 d5 8. exd5 exd5 9. O-O-O Be6 10. a3 Bc5 11. Nf3 {½-½ (49) Caruana,F (2819)-Vachier Lagrave,M (2773) Karlsruhe/Baden Baden 2019}) 5... Bd7 6. Bxc6 {B23: Closed Sicilian: Lines without g3} (6. Qd3 {is interesting.} Nf6 7. Bg5 e6 8. O-O-O h6 9. Bf4) 6... Bxc6 7. Bg5 h6 8. Be3 e5 $146 ({Predecessor:} 8... Nf6 9. O-O-O e5 {1-0 (31) Guseinov,G (2617)-Gabrielian,A (2479) Moscow 2008}) 9. Qd3 Nf6 10. O-O-O Be7 11. Nge2 Qa5 12. f3 b5 13. a3 O-O 14. Ng3 {Black should prevent Nf5.} Bd7 15. Bd2 {[#] Strongly threatening Nd5.} Qb6 16. Nf5 Bxf5 $1 17. exf5 Rab8 18. Be3 Qb7 19. Nd5 $1 $36 {[%mdl 2048] Black is under pressure.} Nxd5 20. Qxd5 Rfc8 21. Qxb7 Rxb7 22. Rd5 a6 23. Rhd1 h5 24. g3 Rbc7 25. R1d2 Rc6 26. Kd1 Kh7 27. c3 g6 28. f6 Bxf6 29. Rxd6 Kg7 30. Ke2 g5 31. R2d5 g4 32. f4 exf4 33. Bxf4 Re8+ 34. Kf2 Rxd6 {The position is equal.} 35. Rxd6 $11 {[%mdl 4096] Endgame KRB-KRB} Re6 36. Rd5 Kg6 37. Be3 h4 38. a4 hxg3+ 39. hxg3 Re5 40. Rd6 Re6 41. Rd5 {Accuracy: White = 54%, Black = 68%.} 1/2-1/2

[Event "1st Heraklion Tal 2019"]
[Site "Heraklion"]
[Date "2019.05.02"]
[Round "4.1"]
[White "Dimitrov, Atanas"]
[Black "Antova, Gabriela"]
[Result "1-0"]
[WhiteElo "2282"]
[BlackElo "2246"]
[Annotator "NA"]
[PlyCount "45"]
[EventDate "2019.04.29"]
[EventType "tourn"]
[EventCountry "GRE"]
[SourceTitle "playchess.com"]
[Source "ChessBase"]
[SourceQuality "1"]
[TimeControl "40/5400+30:1800+30"]

1. Nf3 {[%emt 0:00:00]} d5 {[%emt 0:00:00]} 2. g3 {[%emt 0:00:00]} Nf6 {[%emt 0:00:00]} 3. Bg2 {[%emt 0:00:00]} e6 {[%emt 0:00:00]} 4. b3 {[%emt 0:00:14]} c5 {[%emt 0:03:26]} 5. Bb2 {[%emt 0:00:06]} Nc6 {[%emt 0:01:13]} 6. O-O {[%emt 0:00:07]} Be7 {[%emt 0:00:04]} 7. d4 {[%emt 0:01:17]} O-O {[%emt 0:14:44]} 8. c4 {[%emt 0:01:11]} b6 {[%emt 0:10:16]} 9. cxd5 {[%emt 0:00:43]} exd5 {[%emt 0:01:12]} 10. Nc3 {[%emt 0:00:31]} Bb7 {[%emt 0:01:36]} 11. dxc5 {[%emt 0:01:42]} bxc5 {[%emt 0:00:40]} 12. Rc1 {[%emt 0:00:09]} Rc8 {[%emt 0:09:26]} 13. Na4 {[%emt 0:04:58]} Ne4 {[%emt 0:05:16]} 14. Nd2 {[%emt 0:02:35]} Nb4 {[%emt 0:06:44]} 15. a3 {[%emt 0:00:32]} Na6 {[%emt 0:00:04]} 16. Nxe4 {[%emt 0:00:14]} dxe4 {[%emt 0:00:01]} 17. Qc2 {[%emt 0:00:29]} Bg5 {[%emt 0:04:40]} 18. e3 {[%emt 0:04:14]} Qe8 {[%emt 0:03:52]} 19. Rfd1 {[%emt 0:10:09]} f5 {[%emt 0:05:59]} 20. Qc4+ {[%emt 0:00:00]} Kh8 {[%emt 0:04:04]} 21. Rd6 {[%emt 0:00:00]} Nb8 {[%emt 0:08:30]} 22. Nxc5 {[%emt 0:00:00]} Bc6 {[%emt 0:03:56]} 23. Bxg7+ {[%emt 0:00:00]} 1-0

[Event "1st Heraklion Tal 2019"]
[Site "Heraklion"]
[Date "2019.05.02"]
[Round "4.2"]
[White "De Seroux, Camille"]
[Black "Stoyanov, Tsvetan"]
[Result "0-1"]
[WhiteElo "2151"]
[BlackElo "2416"]
[Annotator "TA"]
[PlyCount "144"]
[EventDate "2019.04.29"]
[EventType "tourn"]
[EventCountry "GRE"]
[SourceTitle "playchess.com"]
[Source "ChessBase"]
[SourceQuality "1"]

{[%evp 9,144,21,53,28,14,-5,-5,-17,-5,-12,-6,-7,-7,-29,-12,-33,-32,-49,-45,-52,-53,-73,-64,-89,-57,-72,-50,-52,-37,-46,-18,-56,-43,-50,-16,-15,-5,-15,-10,-16,8,-11,0,-50,-53,-70,-91,-137,-144,-135,-68,-87,-13,-162,-43,-44,0,4,0,0,0,0,0,0,0,0,-8,0,0,-22,0,0,0,-35,-35,-68,-18,-11,-11,-11,-11,-11,-11,-11,-11,-139,-113,-136,-115,-157,-160,-151,-116,-422,-392,-534,-473,-579,-570,-800,-768,-641,-640,-589,-584,-29965,-29965,-29964,-29965,-29966,-29958,-29961,-29965,-29963,-29963,-12618,-5825,-29972,-29937,-29974,-29975,-29970,-29947,-29942,-29942,-12551,-5716,-5073,-4610,-29981,-29981,-29982,-29982,-29983,-29984,-29996,-29997]} 1. e4 d6 2. d4 g6 3. Nc3 Bg7 4. Be3 a6 5. Nf3 Nd7 6. h3 {B06: Modern Defence} (6. Bc4 e6 7. a4 Ne7 8. a5 O-O 9. Qd2 Nf6 10. Bd3 Ng4 11. Bg5 h6 12. Bh4 g5 13. h3 Ne5 14. dxe5 gxh4 15. exd6 cxd6 16. Nxh4 {1-0 (49) Hovhannisyan,R (2637)-Saric,I (2695) St Petersburg 2018}) 6... b5 7. a3 Bb7 8. Be2 {The position is equal.} c5 9. O-O Rc8 10. Qd2 cxd4 11. Nxd4 Ngf6 12. Bh6 $146 ({Predecessor:} 12. f3) 12... O-O 13. Bxg7 Kxg7 14. f3 Qb6 15. Kh2 Qc7 16. Kh1 Rfd8 17. Rad1 h6 18. Bd3 Nc5 19. Rfe1 Qb6 20. Bf1 e5 21. Nb3 Ne6 22. Qe3 Qc7 23. Rd2 Nh5 24. Red1 Qe7 25. Nc1 f5 26. exf5 Ng3+ {[%mdl 64] Double Attack} 27. Kg1 Nxf5 ({Weaker is} 27... gxf5 28. Rxd6 $1 {[%mdl 512]} e4 29. fxe4 $16) 28. Qe1 Qg5 {And now ...Ned4 would win.} 29. Ne4 Qe3+ (29... Bxe4 $1 $17 30. Qxe4 Ne3) 30. Kh2 d5 (30... Ng5 $17 31. Nxg5 Qf4+ 32. g3 Qxg5) 31. Re2 (31. Ng3 $11 {and White is okay.} Kf6 32. Nd3) 31... Qb6 ({Better is} 31... Qf4+ $19 32. g3 Nfd4 33. gxf4 Nxf3+ {[%mdl 64] Double Attack} 34. Kg3 Nxe1 35. fxe5 dxe4 36. Rxd8 Nxd8 37. Rxe1 Rxc2) 32. Ng3 $15 Nxg3 (32... e4 $5 {[%cal Rb6c7]} 33. Nxf5+ gxf5 $15) 33. Qxg3 e4 34. Qe5+ Kh7 35. fxe4 dxe4 36. Red2 Rxd2 37. Rxd2 Qc7 38. Qxc7+ Rxc7 39. c3 Rf7 40. Kg1 Nf4 41. Ne2 {Nxf4 is the strong threat.} e3 42. Rd6 {[#] aiming for Nxf4.} Nxg2 $1 {[%mdl 576] Decoy} 43. Bxg2 Bxg2 44. Kxg2 {[%mdl 4096] Endgame Threatens to win with Kg3. KRN-KR} Rf2+ {[%mdl 64] Double Attack} 45. Kg3 {Hoping for Nd4.} Rxe2 46. Rxa6 Rxb2 $11 {KR-KR} 47. Re6 {[#]} (47. a4 $11 {remains equal.}) 47... e2 $1 $17 48. Kf2 Rb3 49. Re3 Rxa3 50. Kxe2 g5 51. Kd2 $2 {[%mdl 8192]} (51. Re5 $17) 51... Kg6 52. Re5 {[#]} Ra2+ $1 53. Kd3 Rb2 54. Kd4 Kh5 55. Kc5 Rb3 56. Kd4 b4 57. cxb4 Rxb4+ 58. Kc3 Ra4 59. Kb2 Rf4 60. Re3 Kh4 61. Kc3 h5 62. Kd3 Ra4 {( -> ...Ra3+)} 63. Ke2 Ra2+ 64. Kf1 Rh2 65. Kg1 Rxh3 66. Re4+ g4 67. Kg2 Rg3+ 68. Kh2 Rd3 69. Re5 Rd2+ {Black mates.} 70. Kh1 Kg3 71. Re3+ Kf2 72. Re5 Rd1+ {Accuracy: White = 30%, Black = 63%.} 0-1

[Event "1st Heraklion Tal 2019"]
[Site "Heraklion"]
[Date "2019.05.02"]
[Round "4.3"]
[White "Megalios, Konstantinos"]
[Black "Navaratnam, Rohan Shan Tze"]
[Result "1/2-1/2"]
[WhiteElo "2411"]
[BlackElo "2068"]
[Annotator "TA"]
[PlyCount "171"]
[EventDate "2019.04.29"]
[EventType "tourn"]
[EventCountry "GRE"]
[SourceTitle "playchess.com"]
[Source "ChessBase"]
[SourceQuality "1"]

{[%evp 17,171,0,50,4,2,-11,-9,-10,-18,-15,-1,-24,-18,-35,-29,-37,-31,-24,0,0,0,-19,-22,-34,-23,-25,-20,-21,-20,-45,-45,-53,-11,-11,-11,-11,-8,-20,-22,-26,0,0,46,43,25,37,107,10,7,14,47,37,108,108,108,108,108,101,101,76,114,101,100,0,114,107,108,100,100,100,95,88,88,88,88,88,88,88,88,0,88,88,100,100,100,100,100,100,100,100,108,108,108,0,108,102,108,103,108,108,107,88,88,88,88,88,95,88,88,0,95,95,95,88,95,88,102,88,88,88,88,55,79,0,88,88,102,88,92,88,114,114,114,8,8,8,8,8,8,8,8,0,8,8,8,8,8,8,8,8,8,8,8,8,8,8]} 1. Nf3 d5 2. g3 c6 3. c4 Nf6 4. Bg2 Bf5 5. O-O e6 6. b3 Nbd7 7. Bb2 Bd6 8. d3 O-O 9. Nbd2 h6 10. Re1 {[#] Hoping for e4. A12: English Opening: 1...c6 with b3 by White} Bh7 11. e4 dxe4 12. dxe4 e5 13. Qc2 a5 $146 ({Predecessor:} 13... Qe7 14. Rad1 Rfe8 15. Nh4 Ba3 16. Ba1 Bb4 17. Re2 a5 {0-1 (54) Momeni,E (2198)-Moradiabadi,E (2485) Abu Dhabi 2005}) 14. Rad1 Qc7 15. a3 Rfe8 16. Nh4 Bf8 17. Nf5 Nc5 18. Bc3 b6 19. b4 Na4 20. Rb1 ({Don't play} 20. Qxa4 axb4 21. Qc2 bxc3 $17) 20... Nxc3 21. Qxc3 axb4 22. axb4 Ra4 23. c5 bxc5 24. bxc5 Qa5 25. Qxa5 Rxa5 26. Nd6 Rea8 27. Nb7 Ra2 28. Nc4 Rc2 29. Nxe5 Bxc5 30. Nxc5 Rxc5 31. f4 $36 {[%mdl 2048] White has the initiative.} Ne8 (31... Rc2 $14) 32. Rec1 ({White should play} 32. Rb6 $16) 32... Rxc1+ $11 33. Rxc1 Nd6 34. f5 Re8 (34... f6 $14) 35. Rxc6 $16 Rxe5 36. Rxd6 {[%mdl 4096] [#] Endgame Intending Rd8+ and mate. KRB-KRB} f6 37. Kf2 Kf7 38. Rd8 Re8 39. Rd7+ Re7 40. Rd8 Re8 $1 {[%cal Re8d8]} 41. Rd4 Ke7 42. Bf1 Bg8 43. Ke3 Rb8 44. Ra4 Bf7 45. Bd3 Rb2 46. Ra7+ Kf8 47. Ra8+ Ke7 48. Ra7+ Kf8 49. h3 Rh2 50. Bf1 Rb2 51. Be2 Rb1 52. Kf4 Rc1 53. h4 Rc3 54. Ra8+ Ke7 55. Ra7+ Kf8 56. Bf3 Rb3 57. Bd1 Rc3 58. Be2 Rc2 59. Bb5 Rf2+ 60. Ke3 Rg2 61. Kf3 Rb2 62. Ra8+ Ke7 63. Ra7+ Kf8 64. Bc6 Rc2 65. Ra6 Rc1 66. Bb5 Rb1 67. Ra8+ Ke7 68. Ra7+ Kf8 69. Bd7 Rd1 70. Bb5 Rb1 $1 {[%cal Rb1b5]} 71. Ra5 Rb2 72. g4 Rh2 73. Kg3 Ra2 74. Rxa2 Bxa2 {KB-KB} 75. g5 (75. Kf4 $16) 75... hxg5 $11 {The position is equal.} 76. hxg5 Ke7 77. Kg4 Bb3 78. Kh5 {aiming for Kg6.} Bf7+ 79. Kg4 Kd6 80. Kf4 Bb3 81. Be8 Ke7 82. Bc6 Kd6 83. Bb7 Bc4 84. Bc8 Bb3 85. Ba6 Ba2 86. gxf6 {Accuracy: White = 57%, Black = 57%.} 1/2-1/2

[Event "1st Heraklion Tal 2019"]
[Site "Heraklion"]
[Date "2019.05.02"]
[Round "4.4"]
[White "Marinakis, Hristos"]
[Black "Kozhuharov, Spas"]
[Result "1/2-1/2"]
[WhiteElo "2085"]
[BlackElo "2434"]
[Annotator "TA"]
[PlyCount "110"]
[EventDate "2019.04.29"]
[EventType "tourn"]
[EventCountry "GRE"]
[SourceTitle "playchess.com"]
[Source "ChessBase"]
[SourceQuality "1"]

{[%evp 17,110,0,0,-19,0,-20,-20,-27,-19,-35,0,0,0,0,0,-12,-12,-31,0,-18,0,-2,0,-11,34,-46,-46,-41,-47,-58,-61,-62,-65,-58,-65,-83,-79,-91,-80,-68,-66,-62,-58,-118,-43,-56,-62,-58,-35,-61,-61,-49,-49,-49,0,0,0,0,0,0,7,0,0,0,0,0,0,0,8,0,0,0,0,0,0,0,0,0,8,8,8,8,50,8,8,0,80,0,16,0,80,-1,46,0,5097]} 1. e4 c5 2. Nf3 d6 3. d4 Nf6 4. Nc3 cxd4 5. Nxd4 a6 6. Bc4 e6 7. Bb3 Nc6 8. Be3 Qc7 9. Qe2 Na5 10. O-O {B89: Sicilian: Velimirovic Attack} (10. O-O-O b5 11. f3 Bb7 12. g4 Nd7 13. Kb1 Nc5 14. h4 Be7 15. g5 b4 16. Na4 Naxb3 17. axb3 Nxa4 18. bxa4 d5 19. f4 dxe4 {0-1 (38) Shanava,K (2524)-Sanikidze,T (2520) Batumi 2017}) 10... b5 11. Bg5 Be7 12. Rad1 O-O 13. a3 Nxb3 14. cxb3 h6 15. Bh4 $146 ({Predecessor:} 15. Bc1 Bb7 16. Rfe1 Rad8 {1-0 (41) Vasiukov,E-Beradze,D Moscow 1967}) 15... Bb7 16. Bg3 Rac8 17. Rd3 Rfd8 18. Rfd1 Qc5 19. b4 Qh5 {next ...Qxe2 is good for Black.} 20. f3 Nd7 21. f4 ({Better is} 21. Qe3 $14) 21... Qxe2 $15 22. Ndxe2 Nf6 23. e5 dxe5 24. fxe5 Rxd3 25. Rxd3 Nd5 26. Nxd5 Bxd5 27. Nc3 Bc6 28. Bf2 Rd8 29. Rxd8+ Bxd8 {[%mdl 4096] Endgame KBB-KBN} 30. Bd4 (30. Ne2 $15) 30... f6 (30... Kh7 $17 31. Ne2 Kg6) 31. Ne2 Kf7 32. Nc1 Kg6 33. Nd3 Kf5 34. exf6 gxf6 35. Nc5 h5 (35... e5 $5 {[%cal Re5d4]} 36. Be3 h5 $11) 36. Nxa6 e5 37. Bf2 Ke4 38. Nc5+ Kd5 39. b3 f5 40. g3 Bg5 41. Kf1 h4 42. Ke2 h3 43. a4 {[%cal Ba3a4,Ba4a5,Ba5a6,Ba6a7][%mdl 32]} f4 44. a5 e4 45. gxf4 Bxf4 46. Bg1 Be5 47. a6 Bc3 48. a7 {aiming for Nd7!} Bxb4 {[#]} 49. Nd7 $1 {[%mdl 512] Nb6+ is the strong threat.} Ba5 (49... Bxd7 50. a8=Q+) 50. Bb6 Bc3 51. Bg1 (51. Nf8 $11) 51... Ba5 $1 $16 52. Bb6 (52. Nb6+ $16 Bxb6 53. Bxb6) 52... Bc3 $11 53. Bg1 (53. Bc5 $11) 53... Ba5 $1 $16 54. b4 (54. Nb6+ $16 Bxb6 55. Bxb6) 54... Bd8 55. Bb6 Kd6 $2 {[%mdl 40960] Accuracy: White = 43%, Black = 53%. . An unexpected result.} (55... Be7 $11) 1/2-1/2